Commonly Confused Words Quiz Stats

 Plays Quiz Updated Jul 21, 2015

Challenge
Share
Tweet
Embed
Score 0/20 Timer 08:00
0 Plays Today
Question (A) or (B) % Correct
Is this room hotter (A) 'than' or (B) 'then' a sauna????
93.1%
He does nothing (A) 'accept' or (B) 'except' complain????
92.3%
Do the appetizers (A) 'precede' or (B) 'proceed' the main course????
91.9%
Is the person in charge of a school the (A) 'principal' or (B) the 'principle'????
90.9%
Did the speaker (A) 'loose' or (B) 'lose' his train of thought????
90.2%
The car won't start because (A) 'its' battery, or (B) 'it's' battery, is dead????
87.3%
Does the harassing manager (A) 'prosecute' or (B) 'persecute' the minority employees????
85%
Does the weather (A) 'effect' or (B) 'affect' your mood????
84.7%
Does the average American family have (A) 'less' than two kids or (B) 'fewer' than two kids????
83%
To provide more details, should you (A) 'flush out' or (B) 'flesh out' your plan????
82%
Question (A) or (B) % Correct
If you treat convention with disdain, are you (A) 'flouting' or (B) 'flaunting' the rules????
79.9%
Is danger (A) 'imminent' or (B) 'eminent'????
79.9%
If you're getting shot at by antiaircraft guns, or receiving unfriendly criticism, are you taking (A) 'flak' or (B) 'flack'????
79.6%
Do your shoes (A) 'compliment' or (B) 'complement'
your outfit?
???
75.4%
Do you buy your writing paper in a store that sells (A) 'stationary' or (B) 'stationery'????
70.7%
When you're attentively studying, are you (A) 'poring' over or (B) 'pouring' over
the materials?
???
69.6%
Does the process involve a number of (A) 'discrete' or (B) 'discreet' steps????
63.9%
Is an overly-elaborate plan best described as (A) 'torturous' or (B) 'tortuous'????
62.2%
If your ship fills with water and sinks, does it (A) 'flounder' or (B) 'founder'????
48.1%
If you receive an appropriate punishment, did you get your (A) 'just deserts' or (B) 'just desserts'????
30.3%

You're not logged in!

Compare scores with friends on all Sporcle quizzes.
Join for Free
OR
Log In

You Might Also Like...

Show Comments

Extras

Top Quizzes Today


Score Distribution

Your Account Isn't Verified!

In order to create a playlist on Sporcle, you need to verify the email address you used during registration. Go to your Sporcle Settings to finish the process.

Report this User

Report this user for behavior that violates our Community Guidelines.

Details: